header

The encounter of Eastern Christianity with early Islam (Record no. 38290)

MARC details
000 -LEADER
fixed length control field 01639nam a22003854a 4500
082 04 - DEWEY DECIMAL CLASSIFICATION NUMBER
Classification number 261.2/709021
245 04 - TITLE STATEMENT
Title The encounter of Eastern Christianity with early Islam
260 ## - PUBLICATION, DISTRIBUTION, ETC. (IMPRINT)
Place of publication Leiden ;
-- Boston :
Name of publisher Brill,
Year of publication 2006.
300 ## - PHYSICAL DESCRIPTION
Number of Pages vi, 338 p.
490 1# - SERIES STATEMENT
Series statement The history of Christian-Muslim relations,
500 ## - GENERAL NOTE
General note Papers from a workshop held in June 2003 in Erfurt, Germany.
650 #0 - SUBJECT ADDED ENTRY--TOPICAL TERM
Topical Term Islam
Topical Term Christianity and other religions
700 1# - ADDED ENTRY--PERSONAL NAME
Personal name Grypeou, Emmanouela.
Personal name Swanson, Mark
Personal name Thomas, David
856 40 - ELECTRONIC LOCATION AND ACCESS
Uniform Resource Identifier http://site.ebrary.com/lib/rucke/Doc?id=10234750

No items available.

© 2026 Rongo University
Contact us: librarian | system librarian | Rongo university